دور الأحزاب في التنمية السياسية / (رقم التسجيلة. 77095)

تفاصيل مارك
000 -LEADER
fixed length control field 00518nam a22001697a 4500
005 - DATE AND TIME OF LATEST TRANSACTION
control field 20251108172344.0
008 - FIXED-LENGTH DATA ELEMENTS--GENERAL INFORMATION
fixed length control field 250721s1997 xx 000 0 ara d
082 14 - DEWEY DECIMAL CLASSIFICATION NUMBER
Classification number 324.2565/دور
100 1# - MAIN ENTRY--PERSONAL NAME
Personal name نوفل، أحمد سعيد
245 10 - TITLE STATEMENT
Title دور الأحزاب في التنمية السياسية /
264 1# - PRODUCTION, PUBLICATION, DISTRIBUTION, MANUFACTURE, AND COPYRIGHT NOTICE
Place of production, publication, distribution, manufacture عمان :
Name of producer, publisher, distributor, manufacturer مركز الريادة للمعلومات،
Date of production, publication, distribution, manufacture, or copyright notice 1997.
300 ## - PHYSICAL DESCRIPTION
Extent 185ص
650 17 - SUBJECT ADDED ENTRY--TOPICAL TERM
Topical term or geographic name as entry element الأحزاب السياسية
650 17 - SUBJECT ADDED ENTRY--TOPICAL TERM
Topical term or geographic name as entry element الأردن
942 ## - ADDED ENTRY ELEMENTS (KOHA)
Source of classification or shelving scheme Dewey Decimal Classification
Koha item type كتب
المقتنيات
حالة السحب حالة الفقدان مصدر التصنيف حالة التلف غير قابل للإعارة المكتبة الرئيسية المكتبة الحالية موقع الرف تاريخ التزويد الرقم المتسلسل Total Checkouts رقم الإستدعاء تاريخ آخر ظهور تاريخ الفاتورة نوع المادة (كوها) الباركود
    Dewey Decimal Classification Unchecked   مكتبة الأميرة ايمان العامة مكتبة الأميرة ايمان العامة الإعارة 06/07/2004 10686   324.2565/دور 28/07/2025 06/07/2004 كتب  
    Dewey Decimal Classification     مكتبة الأميرة سلمى مكتبة الأميرة سلمى الإعارة 11/08/2015 1465472   324.2565/دور 28/07/2025 11/08/2015 كتب PLD00341422
    Dewey Decimal Classification     مكتبة الجويدة مكتبة الجويدة الإعارة 30/06/2015 [6492]   324.2565/دور 28/07/2025 30/06/2015 كتب PLD00334944
    Dewey Decimal Classification     مكتبة النصر العامة مكتبة النصر العامة الإعارة 16/11/2014 (9311)   324.2565/دور 28/07/2025 16/11/2014 كتب PLD00310643
    Dewey Decimal Classification     مكتبة صويلح العامة مكتبة صويلح العامة الإعارة 22/07/2020 013611   324.2565/دور 28/07/2025 22/07/2020 كتب PLD00486796
    Dewey Decimal Classification     مكتبة وادي السير العامة مكتبة وادي السير العامة الإعارة 28/07/2025 7391   324.2565/دور 28/07/2025 28/07/2025 كتب 7391
Implemented & Customized by: BBB with SCIT (Smart Chains for Information Technology)

Powered by Koha